Land vs. Land #191 - Statistiken

Allgemein
  • Dieses Quiz wurde 36 mal gespielt
  • Das Durchschnittsergebnis liegt bei 12 aus 16
Antwortstatistiken
Frage Antwort % Korrekt
...Fläche? Vereinigtes Königreich🇬🇧
100%
...Einwohner? Vereinigtes Königreich🇬🇧
97%
...Küstenlänge? Vereinigtes Königreich🇬🇧
97%
...Tourismus? Vereinigtes Königreich🇬🇧
94%
...Militär? Vereinigtes Königreich🇬🇧
88%
...Bruttoinlandsprodukt? Vereinigtes Königreich🇬🇧
85%
...Gewinner? Vereinigtes Königreich🇬🇧
76%
...Exportmengen? Vereinigtes Königreich🇬🇧
74%
...durchschnittlicher IQ? Taiwan🇹🇼
71%
...Beschäftigungsquote? Taiwan🇹🇼
71%
...Frieden? Vereinigtes Königreich🇬🇧
71%
...Lebenserwartung? Taiwan🇹🇼
62%
...Happy Planet Index? Vereinigtes Königreich🇬🇧
62%
...HDI (Human Development Index)? Taiwan🇹🇼
41%
...Bruttoinlandsprodukt pro Kopf? Vereinigtes Königreich🇬🇧
41%
...Gesundheitswesen? Taiwan🇹🇼
35%
Keine übereinstimmenden Quizze gefunden
Verteilung der Resultate
Anzahl Personen mit jedem Resultat
Perzentil nach korrekt beantworteten Fragen
Ihre Resultats-Entwicklung
Sie haben dieses Quiz noch nicht gespielt